[Event "Ehrat Memorial (SUI-GER m)"]
[Site "Zuerich"]
[Date "1999.08.19"]
[Round "6"]
[White "Tischbierek, Raj"]
[Black "Hug, Werner"]
[Result "1-0"]
[WhiteElo "2544"]
[BlackElo "2473"]
[Annotator "Alterman,B"]
[PlyCount "79"]
[EventDate "1999.08.13"]
[EventType "schev"]
[EventRounds "10"]
[EventCountry "SUI"]
[SourceTitle "CBM 073"]
[Source "ChessBase"]
[SourceDate "1999.12.01"]
[SourceVersion "1"]
[SourceVersionDate "1999.12.01"]
[SourceQuality "1"]
[WhiteTeam "Germany"]
[BlackTeam "Switzerland"]
[WhiteTeamCountry "GER"]
[BlackTeamCountry "SUI"]

1. d4 Nf6 2. g3 c6 3. Bg2 d5 (3... e6 4. e4 d6 5. Ne2 (5. f4 Be7 6. e5 dxe5 7.
fxe5 Nd5 8. Nf3 Qa5+ 9. c3 Qa6 10. Ng5 O-O 11. Nxh7 Kxh7 12. Be4+ g6 13. Qh5+
Kg8 14. Bxg6 {1-0 Garancovsky,P-Kramarik,A/Stary Smokovec 1996/EXT 98 (14)})
5... Be7 6. O-O Qc7 7. c4 Nbd7 8. Nbc3 Nf8 9. Be3 Ng6 10. Nf4 Nxf4 11. Bxf4 e5
12. dxe5 dxe5 13. Be3 Be6 14. b3 Rd8 15. Qc2 Ng4 16. Bd2 O-O 17. h3 {0-1
Cauquil,M-Brandler,A/Split 1963/EXT 99 (34)}) 4. c4 Bg4 5. Nc3 e6 6. f3 Bh5 7.
Nh3 Bg6 8. Nf4 c5 9. cxd5 exd5 (9... cxd4 10. Qa4+ Nbd7 (10... Qd7 11. Nb5 Na6
12. dxe6 fxe6 13. Nxe6 $40) 11. Nxg6 hxg6 12. dxe6 dxc3 13. exd7+ Qxd7 14.
Qxd7+ $16) 10. Be3 Nc6 11. h4 Be7 $2 {[%mdl 16384] Too passive.Much better was}
(11... cxd4 12. Bxd4 Bd6 $1 {[%cal Gd6g3]} 13. h5 $2 Bxf4 14. gxf4 Nxh5 15. f5
Ng3 $17 {[%cal Gg3h1,Rg3f5,Gd8h4,Yh4e1]}) 12. h5 Bf5 13. g4 $16 {Now black
should sacriface a piece only for some compensation.In other case white's
initiative will be too dangerous.} Bxg4 $5 {[%mdl 512]} (13... Be6 14. g5 $16)
14. fxg4 Nxg4 15. Ncxd5 Nxe3 (15... Bh4+ 16. Kf1 Nxe3+ 17. Nxe3 Bg5 18. Ned5
Bxf4 19. Nxf4 Qf6 20. Bxc6+ bxc6 21. e3 $18) 16. Nxe3 cxd4 17. Ned5 Bh4+ 18.
Kf1 O-O 19. h6 $1 g6 20. Qd3 Qg5 21. Kg1 Rae8 22. Rf1 Re5 23. b4 Rd8 (23... a6
24. a4 Rd8 25. b5 axb5 26. axb5 Ne7 27. e4 $18) 24. Qf3 (24. b5 $1 Ne7 25. e4
$18) 24... Rf5 25. b5 Ne5 26. Qe4 Bg3 (26... Rxd5 27. Qxd5 Rxf4 28. Rxf4 Qxf4
29. Rxh4 $18) 27. Rh5 $1 $18 {[%csl Rf5][%cal Gd5e7][%mdl 64] Nice resourse.}
gxh5 28. Qxf5 Qxf5 29. Ne7+ {[%cal Ge7g8,Re7f5]} Kf8 30. Nxf5 Bxf4 31. Rxf4 d3
32. exd3 Nxd3 33. Rc4 b6 34. Rc7 Nf4 35. Rxa7 h4 36. Nxh4 Rd2 37. Bf3 Nh3+ 38.
Kf1 Ng5 39. Bc6 f6 40. Ke1 1-0

[Event "SRB-chT"]
[Site "Kragujevac"]
[Date "2016.09.26"]
[Round "5.5"]
[White "Miladinovic, Igor"]
[Black "Atalik, Suat"]
[Result "0-1"]
[WhiteElo "2545"]
[BlackElo "2544"]
[Annotator "Atalik,S"]
[PlyCount "80"]
[EventDate "2016.09.22"]
[EventType "team-tourn"]
[EventRounds "11"]
[EventCountry "SRB"]
[SourceTitle "CBM 175"]
[Source "ChessBase"]
[SourceDate "2016.11.10"]
[SourceVersion "1"]
[SourceVersionDate "2016.11.10"]
[SourceQuality "1"]
[WhiteTeam "Sloven"]
[BlackTeam "Sloga Turist"]
[WhiteTeamCountry "SRB"]
[BlackTeamCountry "SRB"]

1. d4 d5 2. Bf4 c5 3. Nc3 $5 {Not the best surprise against a Chigorin expert!}
(3. c3 cxd4 4. cxd4 {leads to the Slav Defence}) ({and} 3. e3 cxd4 4. exd4 {
to the Caro-Kann.}) 3... e6 (3... cxd4 4. Qxd4 {and White may count on taking
on a7.} Nf6 (4... e6 5. e4 (5. Bxb8 $5) 5... Nc6 6. Qa4 Bb4) 5. e4 (5. Bxb8 $5)
5... Nc6 6. Bb5 Bd7 7. Bxc6 Bxc6 8. e5 Nh5 $1 {This time the extra move with
Bf4 works against White.} 9. Be3 g6) (3... Nc6 4. e3 a6 (4... cxd4 5. exd4 Bf5
6. Bd3 Bxd3 7. Qxd3 e6 8. Nf3 $13) 5. Nf3 e6 {may be a better way to reach our
game continuation.}) 4. e3 (4. e4 $5 cxd4 5. Qxd4 Nc6 6. Qa4 (6. Bb5 Bd7 7.
Bxc6 bxc6 $13) 6... Bb4 7. exd5 exd5 8. Bb5 Bxc3+ 9. bxc3 Nge7 10. Nf3 O-O 11.
O-O $13) 4... a6 5. Nf3 Nc6 6. a3 (6. dxc5 Bxc5 7. Bd3) 6... Nf6 7. h3 (7. dxc5
$142 $5 Bxc5 8. Bd3 {is what the young Belarus GM Vladislav Kovalev feels at
home with.} h6 9. e4 dxe4 10. Nxe4 Nxe4 11. Bxe4 O-O 12. O-O Qf6 13. Qc1 e5 14.
Be3 Be7 $13) 7... b6 $1 {Black logically strenghtens the centre.} ({As well as
saving a tempo on the hasty} 7... Bd6 $6 8. Bg5 $1 (8. dxc5 Bxc5 9. Bd3 Bd6 10.
Bxd6 Qxd6 11. O-O O-O 12. Qe2 $13) 8... h6 9. Bh4 g5 10. dxc5 Bc7 11. Bg3 Bxg3
12. fxg3 Qc7 $44) 8. Ne5 Bb7 (8... Nxe5 $5 9. Bxe5 Bd6) 9. g4 $146 {I am
already conversant with this real hypermodern style that is why I also only
considered this move.} ({Igor had a game with} 9. Bd3 Bd6 10. Nxc6 Bxc6 11. Qf3
$13) 9... Bd6 10. Nxc6 Bxc6 11. Bg2 (11. Bxd6 Qxd6 12. f4 g5 $1 13. Bg2 gxf4
14. O-O Rg8 $5 (14... cxd4 15. Qxd4 e5 16. Qb4 Qc5 17. Qxc5 bxc5 18. b4 $13 {
too many pawn pushes!}) (14... Nd7 15. exf4 O-O-O $13)) 11... Bxf4 12. exf4 Qc7
13. Qd2 O-O (13... Rd8 $5 14. O-O Ne4 15. Qe3 cxd4 16. Qxd4 O-O $13 {resembles
the game continuation after all.}) 14. O-O Rfd8 15. Qe3 cxd4 16. Qxd4 Ne4 17.
Rfd1 (17. Nxe4 dxe4 18. Qe3 f5 19. f3 exf3 20. Qxe6+ Kh8 21. Bxf3 Bxf3 22. Rxf3
fxg4 23. hxg4 Qxc2 24. Rf2 Qd3 25. Raf1 $11) (17. Bxe4 dxe4 18. Qe3 f5 19. Rad1
Rf8 $5) 17... Rac8 (17... Nd6 $6 18. f5 $1 exf5 19. Nxd5 Bxd5 20. Bxd5 $40) (
17... Nxc3 $6 18. Qxc3 $16) 18. Rd3 $6 {This deprives White of the possibility
of an exchange on e4.} (18. Bxe4 $1 dxe4 19. Qe5 Qxe5 $1 (19... Qb7 $6 20.
Rxd8+ Rxd8 21. Rd1 $16) 20. fxe5 f5 (20... Kf8 $5) 21. exf6 gxf6 22. Rxd8+ Rxd8
23. Rd1 Rc8 24. Kh2 Kf7 25. Kg3 e5 26. Kh4 Ke6 27. Kh5 Rf8 28. Kh6 f5 $132) (
18. Nxe4 $6 dxe4 19. Qe5 Qxe5 20. fxe5 Rd5 $1 $17) 18... g6 19. Rad1 Qxf4 $1
20. Qxb6 {A theoretically good exchange of pawns for Black} (20. Nxe4 $2 dxe4
21. Qxd8+ Rxd8 22. Rxd8+ Kg7 23. R8d4 b5 $17) (20. f3 $2 Nxc3 $1) {Alas Black
could not keep the knights in the game.} 20... Nxc3 $8 (20... Nd6 $2 21. Qxa6
$1 Nc4 22. Rd4 $1 Qb8 23. Rxc4 dxc4 24. Rxd8+ Rxd8 25. Bxc6 Qxb2 26. Qa5 $1 $16
) 21. Rxc3 Bb5 22. Rxc8 Rxc8 23. c3 Rb8 24. Qd4 Qxd4 25. Rxd4 Bc4 26. Rd2 g5 $1
$15 {Black can look forward to a very pleasant ending but the question remains
the same: Is it enough to win the game?} 27. Kh2 $2 $138 {Based on a bad
calculation missing e5 down the line.} (27. Bf1 $1 Bxf1 $1 (27... Rc8 $5 28.
Rd4 Kf8 29. Bxc4 Rxc4 30. Kg2 Ke7 31. Kf3 Rxd4 32. cxd4 a5 33. b3 f6 34. Ke3 e5
35. f3 Kd6 $11) 28. Kxf1 {I felt that Black needs to toss h5 in!} Kf8 (28...
Kg7 29. Ke2 h5 30. gxh5 Rh8 31. Rd4 Rxh5 32. Ra4 Rxh3 33. Rxa6 $13) 29. Ke2 Ke7
30. Ke3 h5 $132) 27... Kg7 (27... e5 $2 28. Bxd5 Rd8 29. Bxf7+) 28. Kg3 e5 $1
$17 {Practically deciding the game since White has to go all the way back with
his king.} 29. b4 (29. Bxd5 $2 Rd8) 29... e4 $1 30. Rd4 Rc8 (30... Kf6 $4 31.
Bxe4 $1) 31. Kh2 (31. f4 Bb5) (31. f3 e3) 31... Kf6 (31... Re8 32. a4 $1) 32.
f3 e3 $19 {This is all gone now.} 33. Kg1 Ke5 $5 {White's position is beyond
repair so the king walk also decides the game.} (33... Re8 34. Rd1 e2 35. Re1
Re3 36. Kf2 Rxc3 37. f4 gxf4 38. Bf3 Rxa3 $19 {and}) (33... e2 34. Kf2 Re8 35.
Ke1 Re3 36. f4 Rxc3 $19 {were the simplest.}) 34. a4 h6 (34... Rc6 35. h4 h6) (
34... Bb3 35. Rd3 Kf4 $19) 35. h4 Rc6 36. hxg5 hxg5 37. a5 Rf6 $1 {Aiming to
exchange the only active piece.} 38. Bh1 Rf4 39. Rd1 (39. Rxf4 Kxf4 $19) 39...
d4 $1 40. Re1 (40. cxd4+ Rxd4 $19) 40... dxc3 (40... dxc3 41. Rxe3+ Kd4 $19)
0-1

[Event "Belgrade Trophy 31st"]
[Site "Belgrade"]
[Date "2017.12.01"]
[Round "8"]
[White "Damljanovic, Branko"]
[Black "Atalik, Suat"]
[Result "1-0"]
[WhiteElo "2529"]
[BlackElo "2545"]
[Annotator "Atalik,S"]
[PlyCount "83"]
[EventDate "2017.11.24"]
[EventType "swiss"]
[EventRounds "9"]
[EventCountry "SRB"]
[SourceTitle "CBM 182"]
[Source "ChessBase"]
[SourceDate "2018.01.17"]
[SourceVersion "1"]
[SourceVersionDate "2018.01.17"]
[SourceQuality "1"]

1. d4 d5 2. Bf4 $5 {The first couple of moves were a slight surprise for both
sides.} Nf6 3. e3 Bg4 $5 {The couple Schlechter and Rubinstein provide some
reliability for the move.} 4. f3 Bd7 5. c4 $6 {Not the best approach.} (5. g4
c5 6. c3 Nc6 7. h4 e6 $13) 5... e6 (5... c5 6. Nc3 (6. dxc5 e6) 6... e6 {
transposes into the game.} (6... cxd4 7. exd4 e6 8. c5)) 6. Nc3 c5 $1 $146 {
Logical and effective.} (6... dxc4 7. Bxc4 Bd6 8. Nge2 O-O) 7. cxd5 Nxd5 (7...
cxd4 8. exd4 (8. Qxd4 exd5 9. Nxd5 Qa5+ 10. Nc3 Nc6 11. Qd2 O-O-O $44) 8...
Nxd5 9. Nxd5 exd5 $11 {is another possibility.}) 8. Nxd5 exd5 9. Ne2 Nc6 10. a3
$6 (10. Qb3 cxd4) (10. dxc5 Bxc5 11. Qxd5 Qe7 (11... Qb6 12. Rc1) 12. Qe4 Qxe4
13. fxe4 Nb4 14. Rd1 {looks ugly but enterprising.}) (10. Nc3 cxd4 11. exd4 Bb4
$15) 10... g5 $1 11. Bg3 cxd4 (11... Bg7 $6 12. dxc5 $1 Bxb2 13. Ra2) 12. Nxd4
Bg7 13. Bf2 (13. Nb5 O-O 14. Qxd5 Re8 15. Qd2 Be6 $44 {looks very dangerous
with White's king in the centre.}) 13... Nxd4 $2 {Throwing away the advantage.}
(13... O-O 14. Be2 Qb6 15. Qd2 Nxd4 16. exd4 Bb5 17. O-O Bxe2 18. Qxe2 Rfe8 (
18... Bxd4 19. Qd2 Bxf2+ 20. Rxf2 $11) 19. Qd3 Rac8 $15) 14. exd4 Qe7+ 15. Be2
(15. Qe2 Rc8) 15... Bb5 16. Kf1 Qxe2+ (16... Bxe2+ 17. Qxe2 Rc8 18. Qb5+) 17.
Qxe2+ Bxe2+ 18. Kxe2 Kd7 19. h4 $11 {It looks like a safe draw for both sides.}
Rac8 (19... h6 20. Rac1 b6 21. Bg3 Rac8 22. hxg5 hxg5 $11) 20. Kd3 h6 21. Rac1
Bf6 $6 (21... b6 22. Rxc8 Kxc8 $11) ({If Black wants to challenge the
initiative he needs something like} 21... Rxc1 $142 22. Rxc1 f5 $1 23. Rc5 $140
Kd6) (21... f5 $6 22. Rc5) 22. hxg5 {This is one of the most critical
positions in the game.For some reason another I became brain dead and also
upset because of the equality.} Rxc1 $5 (22... hxg5 23. Rxh8 (23. Rxc8 Rxc8 (
23... Rxh1 $5) 24. Be3 Be7 25. Rh7 Ke6 $11) 23... Bxh8 24. Rh1 Bf6 25. Rh5 (25.
Be3 Be7) 25... Rh8 $11) 23. Rxc1 hxg5 {I was thinking that Branko's next would
be a mistake.} (23... Bxg5 $6 24. Rc5) 24. Rc5 $5 {And he did it!} b6 $2 {
This requires some exactitude from Black.} (24... Ke6 $5 25. Rc7 (25. Bg3 Rh1)
25... Rh2 26. Rxb7 Rxg2 27. Be1 g4 28. fxg4 Rxg4 29. Bc3 Rg3+ 30. Kc2 Rg4 $11)
(24... Rh2 $1 25. Rxd5+ (25. Bg3 Rxg2) 25... Ke6 26. Rb5 (26. Rd6+ Kxd6 27.
Bg3+ Kd5) 26... Rxg2 27. Be1 (27. d5+ Kd6 (27... Kf5 28. Bxa7 Rxb2) 28. Bxa7
Rxb2 29. Bc5+ Kxd5 30. Bb4+ Kc6 31. Rf5 $11) 27... b6 28. a4 (28. Bc3 Be7 29.
Re5+ Kd7 $11) 28... Bd8 29. Re5+ Kd7 $11) 25. Rxd5+ Ke6 26. Rb5 (26. Ke4 Rh2
27. Rd6+ Ke7 28. Rc6 Rxg2 29. Be3 Rxb2 30. Rc7+ Ke8 31. Rxa7 Re2 32. Kd3 Rb2
$11) 26... Rh2 27. Bg3 (27. d5+ Kd7) 27... Rxg2 28. Bb8 g4 $1 29. fxg4 Rxg4 30.
d5+ {The important motif in this position is the wrong bishop which I noticed
only after botching up my position.} (30. Bxa7 Rxd4+ (30... Bxd4 31. Bxb6) 31.
Kc2 Rc4+ 32. Kb3 Rg4 33. Rxb6+ Kf5 34. a4 Rg2 35. Ka3 Bxb2+ $1 36. Rxb2 Rxb2
37. Kxb2 Ke6 38. a5 Kd6 39. a6 Kc7 $11) 30... Kd7 $4 {Death wish!} (30... Kf5
$1 31. Bxa7 Rg3+ 32. Kc2 (32. Kc4 Rg4+ 33. Kb3 Rg2 34. Bxb6 (34. Ka2 Rxb2+ $11)
34... Rxb2+ 35. Kc4 Rc2+ $11) 32... Rg2+ 33. Kb1 Rxb2+ 34. Rxb2 Bxb2 35. Kxb2
Ke5 36. Bxb6 Kxd5 $11) 31. Bxa7 $18 Rg3+ 32. Ke4 Rg2 33. b3 Be7 34. a4 Rg4+ 35.
Kf3 f5 36. Bxb6 Bd6 37. a5 Rg3+ 38. Kf2 Rc3 39. a6 Bc7 40. Bxc7 Kxc7 41. b4 Ra3
42. Ra5 1-0

[Event "GRE-chT 31st"]
[Site "Chalkidiki"]
[Date "2002.07.07"]
[Round "2"]
[White "Gelashvili, Tamaz"]
[Black "Atalik, Suat"]
[Result "0-1"]
[WhiteElo "2551"]
[BlackElo "2551"]
[Annotator "Atalik,S"]
[PlyCount "68"]
[EventDate "2002.07.05"]
[EventType "team"]
[EventRounds "8"]
[EventCountry "GRE"]
[SourceTitle "CBM 089"]
[Source "ChessBase"]
[SourceDate "2002.08.12"]
[SourceVersion "1"]
[SourceVersionDate "2002.08.12"]
[SourceQuality "1"]

{Actually in our group there was a team who simply withdrew from the
tournament not even playing the first round neither informing the organizers
on time. That is why this is in fact a second round game.} 1. d4 d5 2. c3 $5 {
A very strange move.} Nf6 ({I did not take the invitation for} 2... c6 3. Bf4
Bf5 4. Qb3 Qb6 $11) 3. Bg5 Nbd7 {We are in the London system.} 4. e3 g6 5. Nd2
Bg7 6. f4 $5 {How should we call this ,Accelerated Stonewall or what?} (6. Ngf3
O-O 7. Be2 Re8 8. O-O e5 9. c4 $5 (9. b4 c6 $13) 9... exd4 10. Nxd4 Nc5 $13 {
would be more in the sprit of true London system.}) 6... O-O 7. Bd3 c5 8. Qf3
$5 {Vlatko Kovacevic style. The Croation Grandmaster has probably the most
interesting approach to Queen's Pawn openings without c4.} Qb6 (8... b5 {
was played by GM Cabrilo against Vlado.} 9. Ne2 (9. Bxb5 Rb8 10. Bxd7 Bxd7 $44)
9... Qb6 10. O-O a5 $5) 9. Rb1 {Now things were looking forced to me.} (9.
O-O-O Qc6) 9... Qe6 $6 {A bad place for the queen.} (9... Qc6 10. Ne2 b6 11.
O-O a5 {is most likely more to the point since black queen is less exposed on
c6.}) 10. Ne2 b6 11. O-O a5 (11... Bb7 {looked pretty passive to me.} 12. Ng3
$16 h6 $140 $2 13. f5 $1) 12. Rbe1 $2 {Failing to seize his chances.} (12. c4
$1 Bb7 (12... Ba6 $2 13. cxd5 Qxd5 (13... Nxd5 14. Bxa6 Rxa6 15. e4 $16) 14. e4
Qxa2 15. Bxa6 Rxa6 16. d5 $16) 13. cxd5 Qxd5 (13... Bxd5 14. e4 Bxa2 15. Ra1 (
15. d5 Nxd5 16. exd5 Bxd5 17. f5 $1)) 14. e4 Qc6 15. d5 Qc7 16. Nc3 $16) 12...
Ba6 {Now after this exchange black is in a better shape.} 13. Bxa6 Rxa6 14. Ng3
b5 $1 {Expansion in the center may counterbalance whites grip in the center.}
15. f5 Qc6 $6 {Again I have stumbled and allowed his queen shift to the
kingside.} (15... Qd6 16. Bf4 (16. e4 $6 cxd4 17. e5 Qb6 (17... Nxe5 18. Rxe5)
18. exf6 exf6 19. fxg6 hxg6 20. Bf4 dxc3+ 21. Be3 d4 $17) 16... Qc6 17. h4 $140
$6 e6) 16. Qf4 $1 {A good move by white.Crossing to the kingside whites queen
will pose problem to black's majesty.} e6 17. fxg6 ({White does not want to
allow} 17. fxe6 Qxe6) 17... fxg6 18. Qh4 e5 19. Bh6 Qe6 20. Bxg7 Kxg7 21. e4 $1
$14 {I did not appreciate this move like any other one played by my opponent
during the game,however chips are fallen in a different way.} (21. h3 e4 22.
Ne2 c4 $13) 21... cxd4 22. cxd4 exd4 {Despite everything black has to munch
material.} (22... Qb6 23. Nf3) 23. exd5 $2 {That was a relief for me.} ({
I was really afraid of} 23. e5 $1 Ne4 (23... Nxe5 24. Qg5 Nfd7 25. Nh5+ Kg8 26.
Rxf8+ Kxf8 27. Qh6+ Ke7 28. Nf4 (28. Qxh7+ Qf7) 28... Qf7 29. Nf3 $16) (23...
Ng4 24. Rxf8 Nxf8 25. Nf3 $16) 24. Rxf8 Nxf8 25. Ngxe4 dxe4 26. Qxe4 Qd7 $1 $14
) 23... Qxd5 24. Nf3 d3 $1 $17 {Push pawns not drugs!} (24... Re6 25. Qxd4 Rxe1
26. Rxe1 Qxa2 27. Ne4 Kg8 $1 (27... Qd5 28. Nxf6 Nxf6 (28... Qxd4+ 29. Nxd4
Rxf6 30. Nxb5 $11) 29. Re5 $11) 28. Nd6 $44) 25. Ng5 h5 $5 {After a long
thought I have decided for this weird move.} ({However after the natural} 25...
h6 $142 $1 26. Re7+ (26. N5e4 Qd4+ 27. Kh1 Re6) 26... Kg8 27. N5e4 (27. N3e4
Qd4+ 28. Kh1 Qb4) 27... Qd4+ 28. Kh1 Qb4 $1 {white is substantially worse.})
26. Kh1 Kg8 $1 {The first strong move in the game.} (26... Kh6 $2 27. Nf3 g5
28. Nxg5 Qxg5 29. Nf5+ Kg6 30. Ne7+ $11) ({I was not satisfied with} 26... Rc6
$6 27. Re7+ Kg8 28. Nf5 gxf5 29. Ne6 f4 30. Rg7+ Kh8 31. Qxf4 Nh7 32. Rxh7+
Kxh7 33. Nxf8+ Nxf8 34. Qxf8 Rc7 $15) 27. N3e4 Rc6 {This move is better than
greedy alternatives.} (27... Nxe4 28. Nxe4 d2 29. Rxf8+ Nxf8 30. Rd1 Qxa2 31.
Qf4 Qxb2 32. Rf1 Qg7 33. Qxd2 $44) (27... d2 28. Rd1 Qxa2) 28. Nc3 Qc4 $3 {
Very important nuance black is luring whites rook to f4 to make a combination
to happen.} 29. Rf4 {Alternatives are inconsequent.} (29. Qg3 h4 30. Qe3 b4 31.
Nce4 Nxe4 32. Rxf8+ Nxf8 33. Nxe4 Re6 $19) (29. Qh3 d2 30. Rd1 b4 $19) 29...
Qc5 {Black is all set up for b4.} 30. Ne6 {After all winning the exchange,but..
.} Rxe6 31. Rxe6 g5 32. Qg3 $8 h4 $1 33. Rxh4 $8 (33. Qxd3 gxf4 34. Qg6+ Kh8
35. Qh6+ Nh7 $19) 33... Qf5 {That is the trick behind the combination.} ({
Of course} 33... Ng4 $4 34. Rg6+ Kf7 35. Qxg4 {would be only a flash of
stupidity!}) 34. Re1 {loses on the spot} (34. h3 Qxe6 35. Qxg5+ Kf7 36. Rf4
Qe1+ 37. Kh2 Qe5 $19) 34... Ng4 $1 {Here white decided to give up due to
backrank problems.} (34... Ne4 35. Qf3 Nf2+ 36. Kg1 Qc5 $19) (34... Ng4 35. Qf3
gxh4 $19) 0-1

[Event "Veliko Gradiste Silver Lake op-A"]
[Site "Veliko Gradiste"]
[Date "2017.06.19"]
[Round "2"]
[White "Zegarac, Vuk"]
[Black "Atalik, Suat"]
[Result "1/2-1/2"]
[WhiteElo "2315"]
[BlackElo "2525"]
[Annotator "Atalik,S"]
[PlyCount "120"]
[EventDate "2017.06.18"]
[EventType "swiss"]
[EventRounds "9"]
[EventCountry "SRB"]
[SourceTitle "CBM 180"]
[Source "ChessBase"]
[SourceDate "2017.09.13"]
[SourceVersion "1"]
[SourceVersionDate "2017.09.13"]
[SourceQuality "1"]

1. d4 d5 2. Nc3 c6 $5 {An invitation to the Caro-Kann when the dangerous
Advance Variation is out of question.} 3. Bg5 (3. Bf4 Qb6 4. Rb1 Bf5 5. e3 Nf6
6. f3 {is also in the spirit of the opening.}) 3... h6 4. Bh4 Qb6 5. Rb1 Bf5 6.
e3 e6 7. Bd3 Bxd3 8. cxd3 (8. Qxd3 Nd7 9. Nf3 Be7 10. Bg3 Ngf6 11. O-O c5 $1 (
11... O-O 12. b4)) 8... Ne7 $5 9. Bxe7 $146 (9. Nf3 Nf5) 9... Bxe7 10. Nge2 c5
11. dxc5 Qxc5 12. O-O Nc6 13. d4 Qd6 14. Nf4 O-O 15. Qg4 Bg5 16. Nce2 a5 17. h4
f5 18. Qg3 (18. Qf3 Bf6 19. Nc3) 18... Bf6 19. Ng6 $5 Qxg3 20. Nxg3 Rfc8 21.
Rfc1 Kf7 22. h5 Ne7 23. Nf4 Rxc1+ (23... Rc4 $5 24. b3 Rc6 25. Rxc6 Nxc6) 24.
Rxc1 Rc8 25. Rxc8 Nxc8 26. Nd3 b6 27. Kf1 Ne7 28. Ne2 Nc6 29. Nc3 Ke8 30. Ke2
Kd7 31. Nf4 $6 {White marks time for no reason at all.} (31. Kf3 Nd8 32. g4
fxg4+ 33. Kxg4 Nf7) (31. f4 $1 Nd8 32. Kf3 Nb7 33. Ne5+ Bxe5 34. fxe5 Nd8 $14)
31... Nd8 32. Nd3 Nf7 33. b4 axb4 34. Nxb4 f4 $1 35. Kd3 fxe3 36. fxe3 Be7 37.
a3 $6 (37. Nc2) 37... Nd6 38. Nc2 Ne8 39. e4 Nf6 40. exd5 exd5 {After this it
seems like White has problems with his weak pawns but the material left on the
board helps him to survive.} (40... Nxh5 $5 41. Ne3 Bxa3 42. Nc4 $11) 41. Ne3 (
41. a4 Kc6 42. Ne3 Bb4 43. g4 $11) 41... Bxa3 $1 (41... Ke6 42. Nb5) (41... Kc6
42. a4) 42. Ncxd5 Nxd5 43. Nxd5 b5 44. Ne3 Ke6 (44... Be7 45. Nf5 Bf6 46. d5
Kc7 47. Kc2 Kb6 48. Kb3 Kc5 49. d6 $11) 45. Ke4 Bf8 (45... Kf6 46. Nf5 b4 47.
g4 b3 48. Kd3 Kg5 49. Nxg7 Kxg4 50. d5 $11) 46. d5+ Kf6 47. Nf5 (47. Ng4+ Kg5
48. Ne5 b4 (48... Kxh5 $4 49. Kf5) 49. d6 Bxd6 50. Nf7+ Kxh5 51. Nxd6 Kg4 52.
Nf5 b3 53. Ne3+ Kg3 54. Kd3 g6 55. Kc3 $11) 47... b4 48. Nd4 Bd6 (48... Bc5 49.
Nb3 Bb6 50. Nd2) 49. Ne6 b3 50. Kd3 Be5 (50... Bb4 51. g4) (50... b2 51. Kc2
Be5 52. g4 Bc3 53. Nc5 $11) 51. Nc5 b2 52. Kc2 Bd6 53. Nd3 Ba3 (53... b1=Q+ 54.
Kxb1 Kf5 55. Kc2 Kg4 (55... Ke4 56. Nf2+ Kxd5 57. Kd3 $11) 56. Kb3 Kg3 (56...
Kxh5 57. Nf2) 57. Kc4 Kxg2 58. Nc5 $11) 54. Nxb2 $1 Bxb2 55. Kxb2 Ke5 56. Kc3
Kxd5 57. Kd3 $11 {White keeps the opposition and achieves a draw.} Ke5 58. Ke3
Kf5 59. Kf3 Kg5 60. g4 g6 1/2-1/2